1155 1047 1502 1676 1666 1724 1564 1852 1199 1626 1020 1252 1717 1785 1418 1861 1759 1039 1291 1666 1078 1160 1666 1880 1809 1747 1304 1116 1679 1630 1927 1670 1399 1946 1425 1648 1000 1145 1820 1531 1530 1458 1276 1854 1477 1052 1975 1088 1432 1064 1644 1361 1520 1310 1532 1969 1119 1896 1002 1351 1233 1882 1126 1581 1003 1415 1357 1292 1283 1217 1444 1877 1614 1960 1521 1094 1715 1962 1947 1399 1188 1597 1591 1423 1492 1690 1826 1500 1338 1055 1771 1613 1126 1326 1117 1023 1539 1851 1510 BCNSPRNW ULIB Ver.6.0+V

เปลี่ยนเป็นภาษาไทย

Change to English
 แสดงรายละเอียดบรรณานุกรม
  กลับหน้าหลัก

Brief Record : Get Marc (ISO 2709) : E-mail record : QR code < ปิดหน้าต่าง
LEADER : 00000nam 2200000uu 4500
001    13399112146
003     ULIB
008    110728s2553||||th 000 0 tha d
020    9789749940716
060 04 QW4^bน148จ 2553
100 0  นงลักษณ์ สุวรรณพินิจ
245 10 จุลชีววิทยาทั่วไป /^cนงลักษณ์ สุวรรณพินิจ, ปรีชาสุวรรณพินิจ
250    พิมพ์ครั้งที่ 8
260    กรุงเทพฯ :^bสำนักพิมพ์แห่งจุฬาลงกรณ์มหาวิทยาลัย,^c2553
300    735 หน้า :^bภาพประกอบ ;^c26 ซม.
650  7 จุลชีววิทยา
700 0  ปรีชา สุวรรณพินิจ
945    ^p320^l0^i18432
945    ^p320^l0^i18433
945    ^p320^l0^i18434
945    ^p320^l0^i18435
945    ^p320^l0^i18436
945    ^p320^l0^i18444
945    ^p320^l0^i18445
945    ^p320^l0^i18603
945    ^p320^l0^i18604
995    กัณชพร
999    ^aใช้งานได้ทุกระบบ
รายการนี้ยังไม่มีแท็ก
คุณยังไม่ได้ล็อกอิน คุณสามารถมีกิจกรรมร่วมกับเว็บไซต์ได้ แต่ต้องล็อกอินก่อน ::
  ล็อกอิน

รายการสื่อสารสนเทศ

ลำดับที่ ประเภท เลขเรียก/บาร์โค้ด สถานที่ สถานะ
1. วิทยาศาสตร์การแพทย์ และสุขภาพ
วิทยาศาสตร์การแพทย์ และสุขภาพ
QW4 น148จ 2553  
  Barcode: 18432
ห้องสมุดวิทยาเขตนครสวรรค์
►ส่วนจัดเก็บหนังสือเก่า นว.
บนชั้น
  ขอยืม
2. วิทยาศาสตร์การแพทย์ และสุขภาพ
วิทยาศาสตร์การแพทย์ และสุขภาพ
QW4 น148จ 2553 ฉ.2 
  Barcode: 18433
ห้องสมุดวิทยาเขตนครสวรรค์
►ส่วนจัดเก็บหนังสือเก่า นว.
บนชั้น
  ขอยืม
3. วิทยาศาสตร์การแพทย์ และสุขภาพ
วิทยาศาสตร์การแพทย์ และสุขภาพ
QW4 น148จ 2553 ฉ.3 
  Barcode: 18434
ห้องสมุดวิทยาเขตนครสวรรค์
►ส่วนจัดเก็บหนังสือเก่า นว.
บนชั้น
  ขอยืม
4. วิทยาศาสตร์การแพทย์ และสุขภาพ
วิทยาศาสตร์การแพทย์ และสุขภาพ
QW4 น148จ 2553 ฉ.4 
  Barcode: 18435
ห้องสมุดวิทยาเขตนครสวรรค์
►ส่วนจัดเก็บหนังสือเก่า นว.
บนชั้น
  ขอยืม
5. วิทยาศาสตร์การแพทย์ และสุขภาพ
วิทยาศาสตร์การแพทย์ และสุขภาพ
QW4 น148จ 2553 ฉ.5 
  Barcode: 18436
ห้องสมุดวิทยาเขตนครสวรรค์
►ส่วนจัดเก็บหนังสือเก่า นว.
บนชั้น
  ขอยืม
6. วิทยาศาสตร์การแพทย์ และสุขภาพ
วิทยาศาสตร์การแพทย์ และสุขภาพ
QW4 น148จ 2553 ฉ.6 
  Barcode: 18444
ห้องสมุดวิทยาเขตนครสวรรค์
►ส่วนจัดเก็บหนังสือเก่า นว.
บนชั้น
  ขอยืม
7. วิทยาศาสตร์การแพทย์ และสุขภาพ
วิทยาศาสตร์การแพทย์ และสุขภาพ
QW4 น148จ 2553 ฉ.7 
  Barcode: 18445
ห้องสมุดวิทยาเขตนครสวรรค์
►ส่วนจัดเก็บหนังสือเก่า นว.
บนชั้น
  ขอยืม
8. วิทยาศาสตร์การแพทย์ และสุขภาพ
วิทยาศาสตร์การแพทย์ และสุขภาพ
QW4 น148จ 2553 ฉ.8 
  Barcode: 18603
ห้องสมุดวิทยาเขตนครสวรรค์
►ส่วนจัดเก็บหนังสือเก่า นว.
บนชั้น
  ขอยืม
9. วิทยาศาสตร์การแพทย์ และสุขภาพ
วิทยาศาสตร์การแพทย์ และสุขภาพ
QW4 น148จ 2553 ฉ.9 
  Barcode: 18604
ห้องสมุดวิทยาเขตนครสวรรค์
►ส่วนจัดเก็บหนังสือเก่า นว.
บนชั้น
  ขอยืม

รายการใกล้เคียง
    ผู้แต่ง [นงลักษณ์ สุวรรณพินิจ]

    หัวเรื่อง [จุลชีววิทยา]

BibComment


ยังไม่เคยถูกคอมเมนท์

คอมเมนท์ทรัพยากรรายการนี้
  คอมเมนท์: จุลชีววิทยาทั่วไป..


 Copyright 2026. Bcnsprnw @Library